000 01261nam a2200337Ia 4500
001 ebr10303023
003 CaPaEBR
006 m u
007 cr cn|||||||||
008 081217s2009 enk sb 001 0 eng d
010 _z 2008053600
020 _z9780754671930 (alk. paper)
020 _z0754671933 (alk. paper)
020 _z9780754680222
020 _z0754680223
040 _aCaPaEBR
_cCaPaEBR
035 _a(OCoLC)432428953
050 1 4 _aHE9787.3.A4
_bH86 2009eb
100 1 _aHunter, Joyce A.
245 1 0 _aAnger in the air
_h[electronic resource] :
_bcombating the air rage phenomenon /
_cJoyce A. Hunter.
260 _aFarnham, England ;
_aBurlington, VT :
_bAshgate Pub.,
_cc2009.
300 _a228 p.
504 _aIncludes bibliographical references (p. [207]-224) and index.
533 _aElectronic reproduction.
_bPalo Alto, Calif. :
_cebrary,
_d2009.
_nAvailable via World Wide Web.
_nAccess may be limited to ebrary affiliated libraries.
650 0 _aAir rage.
650 0 _aAnger.
650 0 _aAggressiveness.
655 7 _aElectronic books.
_2local
710 2 _aebrary, Inc.
856 4 0 _uhttp://site.ebrary.com/lib/rucke/Doc?id=10303023
_zAn electronic book accessible through the World Wide Web; click to view
999 _c69804
_d69804